[Event "Chessable Masters Play In"]
[Site "Chess.com INT"]
[Date "2024.01.31"]
[Round "9"]
[White "Grischuk, Alexander"]
[Black "Rakhmanov, Alexander"]
[Result "1/2-1/2"]
[WhiteElo "2732"]
[BlackElo "2614"]
[PlyCount "59"]
[EventDate "2024.01.31"]
[EventType "swiss (rapid)"]
[EventRounds "9"]
[EventCountry "USA"]
[SourceTitle "CB06_2024"]
[SourceDate "2024.02.07"]
[SourceVersion "1"]
[SourceVersionDate "2024.02.07"]
[SourceQuality "1"]

1. d4 Nf6 2. Bf4 d6 3. Nc3 c6 4. e4 Qb6 5. Rb1 e5 6. dxe5 dxe5 7. Bxe5 Bc5 8. Bg3 0-0 9. Bd3 Bg4 10. Qd2 Re8 11. Nge2 Bxe2 12. Qxe2 Nbd7 13. 0-0 Bd4 14. Kh1 Nc5 15. e5 Nxd3 16. cxd3 Rad8 17. f4 Nd5 18. Nxd5 Rxd5 19. b3 Qd8 20. Qf3 Qd7 21. h3 f6 22. Rbe1 Bc3 23. Re3 Bd2 24. Re2 Rxd3 25. Qf2 Bc3 26. Kh2 Bd4 27. Qe1 Bc3 28. Qf2 Bd4 29. Qe1 Bc3 30. Qf2 1/2-1/2

[Event "Wch Blitz"]
[Site "Samarkand"]
[Date "2023.12.29"]
[Round "9"]
[White "Rakhmanov, Alexander"]
[Black "Riazantsev, Alexander"]
[Result "1/2-1/2"]
[WhiteElo "2614"]
[BlackElo "2616"]
[PlyCount "44"]
[EventDate "2023.12.29"]
[EventType "swiss (blitz)"]
[EventRounds "21"]
[EventCountry "UZB"]
[SourceTitle "CB01_2024"]
[SourceDate "2024.01.03"]
[SourceVersion "1"]
[SourceVersionDate "2024.01.03"]
[SourceQuality "1"]

1. c4 e6 2. Nc3 d5 3. d4 Be7 4. Bf4 Nf6 5. a3 0-0 6. e3 b6 7. Nb5 Na6 8. Nf3 c6 9. Nc3 Bb7 10. cxd5 exd5 11. Bd3 Nc7 12. h3 Ne6 13. Bh2 c5 14. 0-0 a6 15. a4 Ne4 16. Qc2 f5 17. Rfd1 cxd4 18. exd4 Rc8 19. Qb3 Bd6 20. Bxd6 Qxd6 21. Ne2 Rc7 22. Rac1 Rfc8 1/2-1/2

[Event "Wch Blitz"]
[Site "Samarkand"]
[Date "2023.12.29"]
[Round "8"]
[White "Rapport, Richard"]
[Black "Rakhmanov, Alexander"]
[Result "1-0"]
[WhiteElo "2731"]
[BlackElo "2614"]
[PlyCount "69"]
[EventDate "2023.12.29"]
[EventType "swiss (blitz)"]
[EventRounds "21"]
[EventCountry "UZB"]
[SourceTitle "CB01_2024"]
[SourceDate "2024.01.03"]
[SourceVersion "1"]
[SourceVersionDate "2024.01.03"]
[SourceQuality "1"]

1. e4 c5 2. Nf3 Nf6 3. e5 Nd5 4. Nc3 Nxc3 5. dxc3 Nc6 6. Bf4 Qc7 7. h4 h6 8. Qe2 e6 9. 0-0-0 Rb8 10. Rh3 b5 11. Nd2 b4 12. Nc4 bxc3 13. Rxc3 Nd4 14. Rxd4 cxd4 15. Nd6+ Bxd6 16. Rxc7 Bxc7 17. Qg4 g6 18. Bd3 Bb7 19. Bg3 Bb6 20. Qf4 Bd5 21. f3 Bc5 22. a3 g5 23. Qf6 Rg8 24. Bh7 Be7 25. Qxh6 Bf8 26. Qh5 Rg7 27. hxg5 Kd8 28. Bd3 Kc7 29. Bf2 Bc5 30. g3 Bb6 31. b3 Bc5 32. Kb2 Bb6 33. f4 Rbg8 34. Qh6 Bc5 35. Bh7 1-0

[Event "Wch Blitz"]
[Site "Samarkand"]
[Date "2023.12.29"]
[Round "11"]
[White "Shimanov, Aleksandr"]
[Black "Rakhmanov, Alexander"]
[Result "1-0"]
[WhiteElo "2578"]
[BlackElo "2614"]
[PlyCount "205"]
[EventDate "2023.12.29"]
[EventType "swiss (blitz)"]
[EventRounds "21"]
[EventCountry "UZB"]
[SourceTitle "CB01_2024"]
[SourceDate "2024.01.03"]
[SourceVersion "1"]
[SourceVersionDate "2024.01.03"]
[SourceQuality "1"]

1. Nf3 Nf6 2. c4 d6 3. Nc3 e5 4. g3 c6 5. Bg2 Be7 6. 0-0 0-0 7. d3 a5 8. a3 h6 9. Rb1 Bf5 10. b4 axb4 11. axb4 Bh7 12. Nd2 Nbd7 13. b5 Qc7 14. Bb2 Rfd8 15. Ra1 Nc5 16. Qc2 Ne6 17. Rxa8 Rxa8 18. Nb3 Qd7 19. bxc6 bxc6 20. Ra1 Rb8 21. Nb1 c5 22. Nc3 Nd4 23. Nxd4 exd4 24. Nd5 Nxd5 25. Bxd5 Bf5 26. Bc1 Be6 27. Bf3 Bg4 28. Bd5 Be6 29. Bh1 Qc7 30. Bf4 Qb6 31. Bf3 Bf8 32. h4 Be7 33. h5 Bf8 34. Kg2 Be7 35. Ra3 Bf8 36. Qa2 Be7 37. Ra6 Qd8 38. Qa4 Bc8 39. Ra7 Be6 40. Qc6 Rc8 41. Qa6 Bf8 42. Qb7 Rb8 43. Qc6 Rc8 44. Qb7 Rb8 45. Qa6 Bc8 46. Qa5 Qxa5 47. Rxa5 Be6 48. Ra6 Rd8 49. Bd5 Bxd5+ 50. cxd5 Be7 51. Kf3 Kf8 52. g4 Ke8 53. e3 dxe3 54. fxe3 Kd7 55. Ra7+ Ke8 56. Ke4 Rb8 57. Ra6 Kd7 58. Ra7+ Ke8 59. Kf5 Rc8 60. Ra6 Kd7 61. Ra7+ Ke8 62. e4 c4 63. dxc4 Rxc4 64. Ra8+ Kd7 65. Ra7+ Ke8 66. Ra8+ Kd7 67. Rg8 Bf6 68. Bxh6 Rc2 69. Bf4 Rf2 70. Rf8 Be5 71. Rxf7+ Ke8 72. Kg6 Bxf4 73. g5 Rf1 74. Rxg7 Be5 75. Rg8+ Ke7 76. h6 Rf4 77. h7 Rh4 78. Ra8 Kd7 79. Kf5 Rf4+ 80. Kg6 Rh4 81. Ra7+ Ke8 82. Ra2 Ke7 83. Ra4 Kf8 84. Ra7 Ke8 85. Rg7 Kf8 86. Rf7+ Ke8 87. Rf5 Bd4 88. Rf3 Rxe4 89. Rd3 Be5 90. Rh3 Rd4 91. h8Q+ Bxh8 92. Rxh8+ Ke7 93. Rh7+ Kf8 94. Kf6 Kg8 95. g6 Rf4+ 96. Ke6 Rg4 97. Kf6 Rf4+ 98. Kg5 Rd4 99. Rd7 Kf8 100. Rxd6 Ke7 101. Re6+ Kd7 102. Re5 Kd6 103. Rf5 1-0

[Event "Wch Rapid"]
[Site "Samarkand"]
[Date "2023.12.27"]
[Round "7"]
[White "Madaminov, Mukhiddin"]
[Black "Rakhmanov, Alexander"]
[Result "1-0"]
[WhiteElo "2494"]
[BlackElo "2614"]
[PlyCount "99"]
[EventDate "2023.12.26"]
[EventType "swiss (rapid)"]
[EventRounds "13"]
[EventCountry "UZB"]
[SourceTitle "CB01_2024"]
[SourceDate "2024.01.03"]
[SourceVersion "1"]
[SourceVersionDate "2024.01.03"]
[SourceQuality "1"]

1. e4 c5 2. Nf3 Nf6 3. e5 Nd5 4. Nc3 Nxc3 5. dxc3 Nc6 6. Bd3 h6 7. h4 e6 8. Qe2 d5 9. exd6 Bxd6 10. Be3 Qc7 11. 0-0-0 Bd7 12. Nd2 Ne5 13. Ne4 Be7 14. Bb5 0-0-0 15. Bxd7+ Nxd7 16. g3 Qc6 17. Nd2 Nf6 18. Nf3 Qe4 19. a3 Rxd1+ 20. Rxd1 Rd8 21. Nd2 Qd5 22. Kb1 Ne4 23. c4 Nxd2+ 24. Rxd2 Qh1+ 25. Ka2 Rxd2 26. Bxd2 Bf6 27. Qh5 Qe4 28. Qxc5+ Kd7 29. Qb5+ Kd8 30. Be3 Bd4 31. Bxd4 Qxd4 32. f4 Kc7 33. Qe5+ Qxe5 34. fxe5 f6 35. Kb3 f5 36. h5 Kd7 37. Kc3 Ke7 38. b4 Kd7 39. Kd4 Ke7 40. Kc5 Kd7 41. a4 Kc7 42. a5 Kd7 43. b5 Ke7 44. a6 bxa6 45. bxa6 Kd7 46. Kb5 Ke7 47. c5 Kd7 48. c6+ Kd8 49. Kc5 Kc7 50. c3 1-0

[Event "Titled Tuesday intern op 12th Dec Early"]
[Site "Chess.com INT"]
[Date "2023.12.12"]
[Round "3"]
[White "Dubnevych, Maksym"]
[Black "Rakhmanov, Alexander"]
[Result "0-1"]
[WhiteElo "2340"]
[BlackElo "2614"]
[PlyCount "84"]
[EventDate "2023.12.12"]
[EventType "swiss (blitz)"]
[EventRounds "11"]
[EventCountry "USA"]
[SourceTitle "CB51_2023"]
[SourceDate "2023.12.20"]
[SourceVersion "1"]
[SourceVersionDate "2023.12.20"]
[SourceQuality "1"]

1. d4 Nf6 2. Nc3 d5 3. Bf4 c6 4. e3 Bg4 5. f3 Bh5 6. h4 h6 7. Bd3 e6 8. g4 Bg6 9. Bxg6 fxg6 10. Qd3 Kf7 11. Nge2 Nbd7 12. Bg3 Bb4 13. Nf4 Nf8 14. a3 Qa5 15. Nfe2 c5 16. dxc5 Bxc5 17. 0-0-0 Rc8 18. e4 d4 19. Nxd4 Bxa3 20. Nb3 Qxc3 21. bxa3 N8d7 22. Rhf1 Nb6 23. Qxc3 Rxc3 24. Be5 Rcc8 25. Bd4 Nc4 26. Bxf6 Kxf6 27. Rd7 Rhd8 28. g5+ hxg5 29. hxg5+ Kxg5 30. f4+ Kg4 31. Rxg7 Rg8 32. Rxb7 Ne3 33. Rf2 Rh8 34. Nd4 Rh1+ 35. Kd2 Nf1+ 36. Kd3 Rh3+ 37. Ke2 Ng3+ 38. Ke3 Rc3+ 39. Kd2 Nxe4+ 40. Ke1 Rh1+ 41. Rf1 Re3+ 42. Kd1 Rxf1# 0-1

[Event "Titled Tuesday intern op 14th Nov Early"]
[Site "Chess.com INT"]
[Date "2023.11.14"]
[Round "9"]
[White "Duda, Jan Krzysztof"]
[Black "Rakhmanov, Alexander"]
[Result "0-1"]
[WhiteElo "2731"]
[BlackElo "2614"]
[PlyCount "74"]
[EventDate "2023.11.14"]
[EventType "swiss (blitz)"]
[EventRounds "11"]
[EventCountry "USA"]
[SourceTitle "CB47_2023"]
[SourceDate "2023.11.22"]
[SourceVersion "1"]
[SourceVersionDate "2023.11.22"]
[SourceQuality "1"]

1. d4 Nf6 2. c4 d6 3. Nf3 g6 4. g3 Bg7 5. Bg2 c6 6. Nc3 Bf5 7. 0-0 0-0 8. Ng5 e5 9. d5 cxd5 10. Nxd5 Nc6 11. Nxf6+ Qxf6 12. Ne4 Bxe4 13. Bxe4 Rac8 14. Be3 Nd4 15. Rc1 b6 16. h4 h6 17. Qd2 Nf5 18. Rfd1 Rfd8 19. a4 Qe7 20. Bxf5 gxf5 21. Bxh6 f4 22. Bxg7 Kxg7 23. Rc3 Qf6 24. b3 fxg3 25. fxg3 d5 26. Rf3 dxc4 27. Qe1 Rxd1 28. Qxd1 Qe6 29. bxc4 Rxc4 30. Kh2 Rd4 31. Qc1 Qg6 32. Qc7 Re4 33. e3 Qh5 34. Kg2 Rxa4 35. Qc2 Qg4 36. Qf2 Qe6 37. Rf5 Ra2 0-1

[Event "Titled Tuesday intern op 14th Nov Early"]
[Site "Chess.com INT"]
[Date "2023.11.14"]
[Round "3"]
[White "Rakhmanov, Alexander"]
[Black "Pranav, V."]
[Result "1/2-1/2"]
[WhiteElo "2614"]
[BlackElo "2611"]
[PlyCount "127"]
[EventDate "2023.11.14"]
[EventType "swiss (blitz)"]
[EventRounds "11"]
[EventCountry "USA"]
[SourceTitle "CB47_2023"]
[SourceDate "2023.11.22"]
[SourceVersion "1"]
[SourceVersionDate "2023.11.22"]
[SourceQuality "1"]

1. d4 Nf6 2. c4 e6 3. Nc3 Bb4 4. e3 0-0 5. Nf3 d5 6. Bd2 b6 7. cxd5 exd5 8. Bd3 Bb7 9. 0-0 Nbd7 10. a3 Bd6 11. Nb5 Be7 12. Ne5 a6 13. Nc3 Bd6 14. f4 c5 15. Qf3 Re8 16. Qh3 Nf8 17. Be1 cxd4 18. exd4 Ne4 19. Bh4 Qc8 20. f5 Nxc3 21. Rac1 Bc5 22. dxc5 Rxe5 23. bxc3 bxc5 24. Qg3 Nd7 25. Bf6 Nxf6 26. Qxe5 Qc6 27. Qg3 h6 28. Rfe1 Rd8 29. h3 c4 30. Be2 Qd7 31. Qf4 d4 32. cxd4 Nd5 33. Qf2 c3 34. Bf3 Qxf5 35. Bxd5 Qxd5 36. Rxc3 Qxd4 37. Re8+ Kh7 38. Qxd4 Rxd4 39. Re7 Rd1+ 40. Kh2 Bd5 41. Rd7 Rd2 42. Rg3 g5 43. Kg1 Kg6 44. h4 f6 45. hxg5 hxg5 46. Rd6 Kf5 47. Rf3+ Ke5 48. Rfxf6 Rxg2+ 49. Kf1 Ra2 50. Rg6 g4 51. Rd8 Bf3 52. Ke1 Kf4 53. Rf8+ Kg3 54. Re8 Rxa3 55. Kd2 Ra2+ 56. Kc3 Ra1 57. Rg7 Rc1+ 58. Kb2 Rc6 59. Reg8 Kf2 60. Rg6 Rxg6 61. Rxg6 Be2 62. Rxg4 Bxg4 63. Ka3 Bc8 64. Kb2 1/2-1/2

[Event "AI Cup Div 3 L"]
[Site "Chess.com INT"]
[Date "2023.09.26"]
[Round "2.2"]
[White "Beerdsen, Thomas"]
[Black "Rakhmanov, Alexander"]
[Result "1-0"]
[WhiteElo "2511"]
[BlackElo "2614"]
[PlyCount "75"]
[EventDate "2023.09.25"]
[EventType "k.o. (rapid)"]
[EventRounds "8"]
[EventCountry "USA"]
[SourceTitle "EXT 2024"]
[Source "ChessBase"]
[SourceDate "2023.10.10"]
[SourceVersion "1"]
[SourceVersionDate "2023.10.10"]
[SourceQuality "1"]

1. e4 c5 2. Nf3 Nf6 3. e5 Nd5 4. Nc3 Nxc3 5. dxc3 Nc6 6. Bf4 Qc7 7. Qd2 e6 8. h4 h6 9. h5 b6 10. Rh3 Bb7 11. 0-0-0 a6 12. Bd3 b5 13. Be4 c4 14. g4 Ne7 15. Qe3 Bxe4 16. Qxe4 Qc6 17. Qxc6 Nxc6 18. Nd2 Ne7 19. Ne4 Nd5 20. Bh2 Be7 21. f4 0-0-0 22. f5 Kb7 23. Rf3 Kc6 24. Rd4 Bc5 25. Nxc5 Kxc5 26. Bg1 Kc6 27. b3 cxb3 28. c4 Nc7 29. Rd6+ Kb7 30. Rxb3 exf5 31. cxb5 axb5 32. Rb6+ Kc8 33. Rc3 Rhe8 34. Bc5 d5 35. Bd6 Rd7 36. gxf5 d4 37. Rc5 Red8 38. Rbc6 1-0

[Event "Titled Tuesday intern op 12th Sep Early"]
[Site "Chess.com INT"]
[Date "2023.09.12"]
[Round "6"]
[White "Boros, Denes"]
[Black "Rakhmanov, Alexander"]
[Result "0-1"]
[WhiteElo "2399"]
[BlackElo "2614"]
[PlyCount "90"]
[EventDate "2023.09.12"]
[EventType "swiss (blitz)"]
[EventRounds "11"]
[EventCountry "USA"]
[SourceTitle "EXT 2024"]
[Source "ChessBase"]
[SourceDate "2023.10.10"]
[SourceVersion "1"]
[SourceVersionDate "2023.10.10"]
[SourceQuality "1"]

1. e4 c5 2. Nf3 Nf6 3. Qe2 d5 4. Nc3 dxe4 5. Nxe4 Nxe4 6. Qxe4 Nc6 7. b3 Be6 8. Bc4 Bxc4 9. bxc4 Qd7 10. 0-0 e6 11. Bb2 Rd8 12. Rad1 Nd4 13. Bxd4 cxd4 14. Qg4 h5 15. Qg5 h4 16. h3 g6 17. Qe5 Rh5 18. Qe4 d3 19. cxd3 Qxd3 20. Qxb7 Bc5 21. Rde1 Rf5 22. Re5 Kf8 23. Rxf5 Qxf5 24. Qb2 Kg8 25. d4 Qf6 26. Rd1 Bb6 27. Qc3 Qf4 28. Qe3 Qf6 29. Rd3 Kg7 30. a4 Bc7 31. Qe4 Rb8 32. Rd1 Rb4 33. Qc2 Qf4 34. d5 Qxc4 35. Qd2 exd5 36. Rc1 Bf4 37. Rxc4 Rb1+ 38. Qe1 Rxe1+ 39. Nxe1 dxc4 40. Kf1 Kf6 41. Ke2 Ke5 42. Nc2 Kd5 43. Kf3 Bg5 44. Kg4 Be7 45. f4 Ke4 0-1

[Event "Titled Tuesday intern op 12th Sep Early"]
[Site "Chess.com INT"]
[Date "2023.09.12"]
[Round "4"]
[White "Rakhmanov, Alexander"]
[Black "Bortnyk, Olexandr"]
[Result "1-0"]
[WhiteElo "2614"]
[BlackElo "2608"]
[PlyCount "135"]
[EventDate "2023.09.12"]
[EventType "swiss (blitz)"]
[EventRounds "11"]
[EventCountry "USA"]
[SourceTitle "EXT 2024"]
[Source "ChessBase"]
[SourceDate "2023.10.10"]
[SourceVersion "1"]
[SourceVersionDate "2023.10.10"]
[SourceQuality "1"]

1. d4 d6 2. g3 g6 3. Bg2 Bg7 4. Nf3 Nf6 5. 0-0 0-0 6. Re1 Bf5 7. Nbd2 Qc8 8. e4 Bh3 9. e5 dxe5 10. dxe5 Nd5 11. Qe2 Bxg2 12. Kxg2 Nc6 13. c3 Qf5 14. Nb3 Rad8 15. h4 h5 16. Nbd4 Nxd4 17. Nxd4 Qc8 18. Bg5 c5 19. Nc2 Qe6 20. a4 Rd7 21. Na3 Rfd8 22. Qe4 b6 23. Nc4 a6 24. Re2 b5 25. axb5 axb5 26. Nd2 b4 27. c4 Nc7 28. Nf3 Qb6 29. Rd2 Ne6 30. Rxd7 Rxd7 31. Ra8+ Bf8 32. Bh6 Rd8 33. Be3 Qc7 34. b3 Bg7 35. Ra6 Qd7 36. Ra8 Bf8 37. Rxd8 Qxd8 38. Qd5 Qxd5 39. cxd5 Nc7 40. Bxc5 Nxd5 41. e6 Bg7 42. exf7+ Kxf7 43. Ng5+ Ke8 44. Ne6 Bc3 45. Kf3 Kd7 46. Nf4 Kc6 47. Nxd5 Kxd5 48. Bxe7 Kd4 49. Ke2 Ke4 50. Bc5 Kd5 51. Be3 Ke4 52. f3+ Kd5 53. g4 Bf6 54. Bf2 Bd8 55. Kd3 Be7 56. Bg3 Bd8 57. Bf2 Be7 58. Be1 Bd6 59. Ke3 Bc5+ 60. Kf4 Be7 61. Bf2 Ke6 62. gxh5 gxh5 63. Ke4 Bd8 64. f4 Be7 65. f5+ Kf7 66. Be1 Bf8 67. Ke5 Bg7+ 68. Kf4 1-0

[Event "Speed Chess Q2 Sw"]
[Site "Chess.com INT"]
[Date "2023.08.23"]
[Round "5"]
[White "Geivondian, Arman"]
[Black "Rakhmanov, Alexander"]
[Result "0-1"]
[WhiteElo "2306"]
[BlackElo "2614"]
[PlyCount "58"]
[EventDate "2023.08.23"]
[EventType "swiss (blitz)"]
[EventRounds "14"]
[EventCountry "USA"]
[SourceTitle "CBM 215 Extra"]
[Source "ChessBase"]
[SourceDate "2023.09.30"]
[SourceVersion "1"]
[SourceVersionDate "2023.09.30"]
[SourceQuality "1"]

1. e4 c5 2. Nf3 Nf6 3. e5 Nd5 4. Nc3 Nxc3 5. dxc3 Nc6 6. Bf4 Qb6 7. b3 Qc7 8. Qd2 e6 9. Bd3 h6 10. h3 b6 11. 0-0-0 a6 12. Be4 b5 13. g4 c4 14. Nd4 Bb7 15. Nxc6 Bxc6 16. Bxc6 Qxc6 17. Kb1 a5 18. Rhe1 b4 19. cxb4 cxb3 20. c3 axb4 21. cxb4 Rxa2 22. Rc1 Qa8 23. Qc3 Bxb4 24. Qxb4 Ra4 25. Qc5 Rc4 26. Rxc4 Qa2+ 27. Kc1 b2+ 28. Kd1 b1Q+ 29. Rc1 Qd3+ 0-1

[Event "Speed Chess Q2 Sw"]
[Site "Chess.com INT"]
[Date "2023.08.23"]
[Round "4"]
[White "Rakhmanov, Alexander"]
[Black "Paravyan, David"]
[Result "0-1"]
[WhiteElo "2614"]
[BlackElo "2597"]
[PlyCount "58"]
[EventDate "2023.08.23"]
[EventType "swiss (blitz)"]
[EventRounds "14"]
[EventCountry "USA"]
[SourceTitle "CBM 215 Extra"]
[Source "ChessBase"]
[SourceDate "2023.09.30"]
[SourceVersion "1"]
[SourceVersionDate "2023.09.30"]
[SourceQuality "1"]

1. d4 Nf6 2. c4 g6 3. Nc3 d5 4. Nf3 Bg7 5. cxd5 Nxd5 6. Qa4+ Nc6 7. e4 Nb6 8. Qc2 Bxd4 9. Bb5 Bg7 10. 0-0 0-0 11. Rd1 Bd7 12. Bxc6 bxc6 13. b3 Qc8 14. Ba3 Bg4 15. Bxe7 Re8 16. Bh4 Bxf3 17. gxf3 Qh3 18. Bg3 h5 19. Rd3 Nd7 20. Rad1 Ne5 21. Bxe5 Bxe5 22. f4 Qg4+ 23. Rg3 Qxf4 24. Ne2 Qh4 25. f4 Bxf4 26. Nxf4 Qxf4 27. Rf1 Qxe4 28. Qf2 Re7 29. Qf6 Rd8 0-1